เปลี่ยนเป็นภาษาไทย

Change to English
 แสดงรายละเอียดบรรณานุกรม
  กลับหน้าหลัก

Brief Record : Get Marc (ISO 2709) : E-mail record : QR code กลับ
E-books : เกี่ยวกับ Collections
LEADER 00000nam 2200000uu 4500
001    13399128815
003     BCNR
008    260522s2567||||th 000 0 tha d
020    ^a9786164221079
041    ^atha
060  4 ^aWY115^bต169 2567
245 00 ^aติด...ไม่ติด เตียง :^bCaregivers /^cศิริจันทร์ งาทอง และ แอน ไทยอุดม, บรรณาธิการ
246 30 ^aกลยุทธ์หยุดติดเตียง
246 31 ^aCaregivers
250    ^aพิมพ์ครั้งที่ 1
260    ^aกรุงเทพฯ :^bวิทยาลัยพยาบาลกองทัพบก กรมแพทย์ทหารบก,^c2567
300    ^a136 หน้า :^bภาพประกอบสี ;^c21 ซม.
505 0  ^aสารพันคำถามเกี่ยวกับการการเตรียมตัวในการดูแลผู้ป่วยติดเตียง -- การดูแลเรื่องอาหาร -- การดูแลสุขอนามัยส่วนบุคคล -- การดูแลเรื่องการหายใจ -- การดูแลเรื่องการขับถ่าย -- การเคลื่อนย้ายผู้ป่วย -- การบริหารร่างกายผู้ป่วย -- การดูแลบาดแผล -- ภาวะแทรกซ้อนที่พบบ่อยในผู้ป่วยติดเตียง -- การประเมินผู้ป่วยติดเตียงเบื้องต้น -- การจัดสิ่งแวดล้อมที่พักอาศัยและความปลอดภัย -- การดูแลสุขภาพใจของผู้ป่วยและผู้ดูแลเมื่อต้องติดเตียง
650  4 ^aการดูแลผู้ป่วยระยะยาว
650  4 ^aผู้ป่วย^xการดูแล
700 0  ^aศิริจันทร์ งาทอง,^eบรรณาธิการ
700 0  ^aแอน ไทยอุดม,^eบรรณาธิการ
710 2  ^aกรมแพทย์ทหารบก. ^bวิทยาลัยพยาบาลกองทัพบก
999    ^aบรรณารักษ์
รายการนี้ยังไม่มีแท็ก
คุณยังไม่ได้ล็อกอิน คุณสามารถมีกิจกรรมร่วมกับเว็บไซต์ได้ แต่ต้องล็อกอินก่อน ::
  ล็อกอิน
ลำดับที่ ประเภท เลขเรียก/บาร์โค้ด สถานที่ สถานะ
1. หนังสือ
หนังสือ
WY115 ต169 2567 c.1 
  Barcode: 088012
ห้องสมุดสาขาหลัก
►หนังสือทั่วไป
On Shelf
2. หนังสือ
หนังสือ
WY115 ต169 2567 c.2 
  Barcode: 088013
ห้องสมุดสาขาหลัก
►หนังสือทั่วไป
On Shelf
3. หนังสือ
หนังสือ
WY115 ต169 2567 c.3 
  Barcode: 088014
ห้องสมุดสาขาหลัก
►หนังสือทั่วไป
On Shelf
4. หนังสือ
หนังสือ
WY115 ต169 2567 c.4 
  Barcode: 088015
ห้องสมุดสาขาหลัก
►หนังสือทั่วไป
On Shelf
5. หนังสือ
หนังสือ
WY115 ต169 2567 c.5 
  Barcode: 088016
ห้องสมุดสาขาหลัก
►หนังสือทั่วไป
On Shelf
   [แสดง 5/5 รายการ]

รายการใกล้เคียง
    หัวเรื่อง [การดูแลผู้ป่วยระยะยาว]

BibComment


ยังไม่เคยถูกคอมเมนท์

คอมเมนท์ทรัพยากรรายการนี้
  คอมเมนท์: ติดไม่ติด เตียง ..
Bib 13399128815

 
 
 

 Union Library Management : ULibM
Copyright 2026. All Rights Reserved.